| 000 | 03726nam0a2200493 4500 | ||
|---|---|---|---|
| 001 | RU\NLR\BIBL_A\022101810 | ||
| 005 | 20240506100811.0 | ||
| 010 |
_a978-5-502-01680-3 _9175 |
||
| 021 |
_aRU _bКН-П-23-074750 _9КН-П-23-7555 |
||
| 035 | _a(NLR Aleph) 022101810 | ||
| 035 | _a(RuMoRGB)012295832 | ||
| 090 |
_a12748964 _c12748964 |
||
| 100 | _a20231222d2023 k y0rusy50 ca | ||
| 101 | 0 | _arus | |
| 102 | _aRU | ||
| 105 | _aa z 101zy | ||
| 181 | 0 |
_ai _baxxe |
|
| 182 | 0 | _an | |
| 200 | 1 |
_aНаучные перспективы - 2023 _eсборник материалов региональной молодежной научно-технической конференции, 20-21 апреля 2023 г., Дзержинск _fМинистерство науки и высшего образования Российской Федерации, Федеральное государственное бюджетное образовательное учреждение высшего образования "Нижегородский государственный технический университет им. Р. Е. Алексеева", Дзержинский политехнический институт (филиал), Администрация городского округа город Дзержинск _gредакционная коллегия: А. М. Петровский [и др.] |
|
| 203 |
_aТекст _bвизуальный _cнепосредственный |
||
| 210 |
_aНижний Новгород _cНГТУ _d2023 |
||
| 215 |
_a138, [1] с. _cил. _d21 |
||
| 313 | _aСекция "Программирование". | ||
| 320 | _aБиблиогр. в конце докл. | ||
| 320 | _aАлф. указ. авт.: с. 137-139 | ||
| 330 | _aВ сборник вошли тезисы докладов студентов, школьников Нижегородской области, представленных на региональную молодежную научно-техническую конференцию "Научные перспективы-2023". Конференция проводилась на площадке ДПИ НГТУ (секции "Программирование", "Техника", "Химия") | ||
| 606 | 1 |
_aТехника _xНаучно-исследовательская работа _jСъезды, совещания и т.п _2nlr_sh1 _2nlr_sh2 _3RU\NLR\AUTH\6622095 |
|
| 606 | 1 |
_aХимия _xНаучно-исследовательская работа _jСъезды, совещания и т.п _2nlr_sh1 _2nlr_sh2 _3RU\NLR\AUTH\661256379 |
|
| 606 | 1 |
_aПрограммирование (компьют.) _jСъезды, совещания и т.п _2nlr_sh2 _3RU\NLR\AUTH\661257252 |
|
| 675 |
_a62(082) _v4 |
||
| 686 | 1 | _aЧ426.81/96-268я431 | |
| 686 | 1 | _aЧ426.29-268я431 | |
| 686 | 1 | _aЧ426.57-268я431 | |
| 686 | 1 | _aЖ.е(2)я431 | |
| 686 | 1 | _aГ.е.я431 | |
| 686 | 1 | _aЗ973.2-018я431 | |
| 702 | 1 |
_aПетровский _bА. М. _gАлександр Михайлович _4340 |
|
| 711 | 1 | 2 |
_a"Научные перспективы - 2023", региональная молодежная научно-техническая конференция _eДзержинск _3RU\NLR\AUTH\880602215 |
| 712 | 0 | 2 |
_aДзержинский политехнический институт _3RU\NLR\AUTH\8810115306 _4570 |
| 856 | 4 |
_qapplication/pdf _s[141] с. _uhttp://dlib.rsl.ru/rsl01012000000/rsl01012295000/rsl01012295832/rsl01012295832.pdf _yЧитать |
|
| 942 | _cBOOK | ||
| 980 | _aNB | ||